Organizace výroby a práce

Saved in:
Bibliographic Details
Format: Book
Language:Czech
Published: Praha Jozef Hokr 1947
Tags: Add Tag
No Tags, Be the first to tag this record!

MARC

LEADER 00000nam a2200000 4500
001 0267656
005 20240822101709.4
041 0 |a cze 
044 |a CZ 
245 1 0 |a Organizace výroby a práce  |c B. Dobrovolný, S. Stone 
264 1 |a Praha  |b Jozef Hokr  |c 1947